Paroles : La groupie du pianiste - Statistiques

Statistiques générales
  • Ce quiz a été pris 444 fois
    432 depuis la dernière actualisation
  • Le résultat moyen est 250 sur 307
Statistiques - réponses
Paroles % Correct
La
99%
la
99%
99%
A
98%
a
98%
à
98%
du
98%
Elle
98%
elle
98%
groupie
98%
pas
98%
pianiste
98%
c'est
96%
sa
96%
ses
95%
le
94%
vie
94%
en
93%
chose
92%
grand
92%
tout
92%
Et
91%
et
91%
fou
91%
passe
91%
que
91%
son
91%
dans
89%
de
88%
l'aime
88%
nuits
88%
l'adore
87%
toute
87%
comme
86%
draps
86%
roses
86%
seule
86%
soir
86%
lit
85%
sans
85%
beau
84%
l'air
84%
dormir
83%
entre
83%
rêve
82%
un
82%
pour
81%
avenir
80%
bel
80%
fout
79%
qu'elle
79%
faire
77%
l'attendre
75%
plus
75%
bien
74%
pu
74%
d'un
73%
aurait
72%
egoïste
72%
égoïste
72%
geste
72%
sur
72%
tendre
72%
Amoureuse
71%
amoureuse
71%
part
71%
triste
70%
des
69%
mais
69%
mot
69%
Qu'est-ce
69%
qu'est-ce
69%
cette
67%
même
66%
Dieu
65%
dieu
65%
fille
65%
d'artiste
64%
gâcher
64%
reste
64%
rêver
64%
les
63%
enfer
61%
est
61%
terre
61%
suivrait
60%
jusqu'en
59%
l'enfer
59%
il
56%
pense
54%
y
54%
côté
53%
desirs
51%
d'être
51%
rien
50%
dire
49%
quand
49%
lui
48%
va
48%
droits
47%
rester
47%
coulisses
46%
clavier
45%
mains
45%
qu'il
45%
concert
44%
terminé
44%
joue
43%
sourire
43%
l'emmener
40%
met
39%
passer
39%
rêvant
39%
délires
38%
l'écouter
37%
pendant
37%
sait
37%
prend
32%
simplement
32%
existe
29%
risques
29%
oublier
28%
l'hôtel
25%
musique
25%
devant
24%
comprendre
19%
Aucun quiz correspondant
Distribution des résultats
% des personnes avec chaque résultat
Percentile par nombre de réponses
Votre historique - résultats
Vous n’avez pas pris ce quiz depuis la dernière actualisation